| 000 | 00914nam a2200277Ia 4500 | ||
|---|---|---|---|
| 003 | OSt | ||
| 005 | 20221005092957.0 | ||
| 006 | a|||||r|||| 00| 0 | ||
| 007 | ta | ||
| 008 | 221004b |||||||| |||| 00| 0 eng d | ||
| 020 |
_a9781593854430 (hbk) _c1931.54 |
||
| 024 | _a95424 | ||
| 037 |
_b5300, 19/03/2009, Efficient Book Distributors _cTextual |
||
| 040 |
_aCRL _cCRL _beng |
||
| 041 |
_2eng _aeng |
||
| 082 | _aT1:3(P), P7 | ||
| 100 |
_aCain Kate Ed. _9617992 |
||
| 245 | 0 | _aChildren's comprehension problems in oral and written languages | |
| 260 |
_aNew York _bThe Guilford Press USA _c2007 |
||
| 300 |
_axviii,302p. _ccm. |
||
| 490 | _aChallanges in language and literacy | ||
| 650 | _aEDUCATION | ||
| 700 |
_a Oakhill Jane Ed. _9617993 |
||
| 942 |
_hT1:3(P), P7 _cTEXL _2cc |
||
| 999 |
_c999642 _d999642 |
||